01832nam a2200313 a 4500001001000000005001700010008004100027041000800068044000700076084002000083100004500103245009500148260003500243300002400278500029500302500026300597500013400860500007500994500005101069500004501120500001401165650005201179650005601231650003401287650004501321700005101366700005101417740005001468BRCA_270720190320203931.0031208s1889----sp-a---###---#000-0dspa-u aspa asp a212b.J84c18891 aCervantes Saavedra, Miguel ded1547-161610aEl Ingenioso Hidalgo Don Quijote de la Manchaccompuesto por Miguel de Cervantes Saavedra. aMadridbAgustín Juberac1889 a541 p.bil.c29 cm. aContenido : Primera parte. Dedicatoria del autor. Nota del editor. Retrato de Cervantes. Prólogo del autor. Versos preliminares. Texto. Segunda parte. Dedicatoria del autor. Prólogo del autor. Vida de Cervantes por J. M. Quintana y El Buscapié con sus notas. Prólogo de A. de Castro aEdición : Novísima edición con notas historicas, críticas y gramaticales de la Academia Española, Pellice, Arrieta, Clemencín, Cuesta, Janer, etc. Aumentada con El Buscapié anotado por D. Adolfo de Castro y el retrato del autor grabado en acero aReimpresión de la edición de 1887 del mismo editor. Portada a dos tintas. Rústica. La cubierta está rota Lúdovik Osterc aEstado físico : Encuadernación en papel extremadamente deteriorado aCon ex-libris de : Sello de Biblioteca Callico aIncluye índice : De láminas (p. 541) aWM1004(?)14aNovela españolayÉpoca clásica, 1500-170014aLiteratura españolayÉpoca clásica, 1500-170014aNovela españolaySiglo XVII14aDon Quijote (Personaje ficticio)eNovela1 aQuintana, José Manueld1772-1857eBiógrafo1 aCastro y Rossi, Adolfo ded1823-1898eAnotador0 aEl Ingenioso Hidalgo Don Quijote de la Mancha